• 首页
  • 本馆介绍
  • 公告通知
  • 最新文献
  • 馆藏检索
  • 电子资源
  • 读者导购
  • 参考咨询
  • 我的图书馆
  • 登录
  • 详细信息显示
  • 放入我的书架
  • 预约/预借图书
  • 作者相关作品
  • 分类相关作品
  • 丛书相关作品
  • 出版社相关作品

书目信息

  • 表格格式
  • 工作单格式
  • 卡片格式
题名:
叶肢介化石
    
 
作者: 陈丕基 , 沈炎彬 著
分册:  
出版信息: 北京   科学出版社  1985
页数: 241页
开本: 20cm
丛书名:
单 册:
中图分类: Q915.2
科图分类:
主题词: 化石-介甲目-古动物学 , 介甲目-化石-古动物学 , 古动物学-化石-介甲目 , 古动物学
电子资源:
ISBN:
000 00791nam0 2200301 45
001 0185011005
005 20040910104510.5
010    @dCNY3.05
091    @a13031.2897
100    @a19930830d1985 kemy0chiy0121 ea
101 0  @achi
102    @aCN@b110000
105    @af z 000yy
106    @ar
200 10 @a叶肢介化石@Aye zhi jie hua shi@f陈丕基,沈炎彬著
210    @a北京@c科学出版社@d1985
215    @a241页@c图@d20cm
606    @a化石-介甲目-古动物学
606    @a介甲目-化石-古动物学
606    @a古动物学-化石-介甲目
606 0  @a古动物学
610 0  @a叶肢介
690    @aQ915.2@v3
701  0 @a陈丕基@Achen pi ji@4著
701  0 @a沈炎彬@Ashen yan bin@4著
801  0 @aCN@b深圳图书馆@c20040525
801  2 @aCN@bNLC@c20040525
905    @dQ915.2@e13@f1@b248265
    
    叶肢介化石/陈丕基,沈炎彬著.-北京:科学出版社,1985
    241页:图;20cm
    
    
    ISBN :CNY3.05
    
●
相关链接 在E读中查询图书 在五车中查询图书 在当当中查询图书 在豆瓣中查询图书


正题名:叶肢介化石     索取号:Q915.2/13         预约/预借

序号 登录号 条形码 馆藏地/架位号 状态 备注
1 0248265   001952202   第三借阅区/ [索取号:Q915.2/13] 在馆    
2 0248266   000702298   第三借阅区/ [索取号:Q915.2/13] 在馆    
3 0248267   202107736   第二样本阅览室/ [索取号:Q915.2/13] 在馆    
唐山师范学院图书馆 欢迎您!
大连网信软件有限公司© 版权所有